All Kodak Black Songs - Statistics

General Stats
  • This quiz has been taken 120 times
    57 since last reset
  • The average score is 33 of 251
Answer Stats
Album Song % Correct
Institution Institution
66%
Single No Flockin
66%
Painting Pictures Tunnel Vision
66%
Institution Heart
61%
Project Baby 2 Roll in Peace
54%
Back for Everything Super Gremlin
54%
Dying to Live Zeze
51%
Project Baby 2 Transportin'
49%
Back for Everything Love & War
44%
Institution Already
39%
Project Baby Project Baby
39%
Dying to Live Calling My Spirit
34%
Painting Pictures Corrlinks and JPay
34%
Painting Pictures Patty Cake
34%
Institution Shake Back
34%
Institution Like Dat
32%
Kutthroat Bill: Vol. 1 Walk
32%
Project Baby Project Baby 2
29%
Back for Everything Back for Everything
27%
Lil B.I.G. Pac Purp
27%
Painting Pictures There He Go
27%
Project Baby 2 Versatile
27%
Institution Gospel
24%
F.E.M.A. Heart & Mind
24%
Heart of the Projects Heart of the Projects
24%
Lil B.I.G. Pac Too Many Years
24%
Heartbreak Kodak Codeine Dreaming
22%
Painting Pictures Day for Day
22%
Project Baby 2 Don't Wanna Breathe
22%
Institution Hollyhood
22%
Dying to Live If I'm Lyin, I'm Flyin
22%
Institution I.M.Y (Miss You)
22%
Project Baby 2 Unexplainable
22%
Back for Everything Usain Boo
22%
Heart of the Projects 18
20%
Lil B.I.G. Pac 30
20%
Project Baby 2 6th Sense
20%
Lil B.I.G. Pac Can I
20%
Project Baby 2 Change My Ways
20%
Painting Pictures Conscience
20%
F.E.M.A. F.E.M.A.
20%
Dying to Live Gnarly
20%
Dying to Live MoshPit
20%
Single #4 Pimpin Ain't Eazy
20%
Pistolz & Pearlz Pistolz & Pearlz
20%
Dying to Live Testimony
20%
Painting Pictures Twenty 8
20%
Project Baby 2 You Do That Sh*t
20%
Project Baby Catch Flight
17%
Kutthroat Bill: Vol. 1 I'm So Awesome
17%
Back for Everything Let Me Know
17%
Lil B.I.G. Pac Letter
17%
Kutthroat Bill: Vol. 1 Spin
17%
Lil B.I.G. Pac Vibin in This Bih
17%
Kutthroat Bill: Vol. 1 300 Blackout
15%
Institution Back on My Feet
15%
Project Baby 2 Built My Legacy
15%
Painting Pictures Candy Paint
15%
Dying to Live Close to the Grave
15%
Painting Pictures Coolin and Booted
15%
Dying to Live Could of Been Different
15%
Institution Deep in These Streets
15%
Project Baby 2 First Love
15%
Institution From the Ugly
15%
Other Single Halloween
15%
Back for Everything Hitting Houses
15%
Heart of the Projects Honey Bun
15%
Dying to Live Identity Theft
15%
Heart of the Projects I Remember
15%
Heartbreak Kodak Laudy
15%
Project Baby Never Imagine
15%
F.E.M.A. No English
15%
Bill Israel Pimpin Ain't Easy
15%
Painting Pictures Save You
15%
Lil B.I.G. Pac Slayed
15%
Dying to Live Take One
15%
Institution Thankful
15%
Dying to Live Transgression
15%
Painting Pictures Why They Call You Kodak
15%
Lil B.I.G. Pac Young Prodigy
15%
Heart of the Projects 1K
12%
Lil B.I.G. Pac Big Bank
12%
Heartbreak Kodak Bill and Jill
12%
F.E.M.A. Cut Throat
12%
Pistolz & Pearlz Dirt McGerk
12%
Lil B.I.G. Pac Everything 1K
12%
Heartbreak Kodak Feb 14
12%
Dying to Live From the Cradle
12%
Lil B.I.G. Pac Gave It All I Got
12%
Back for Everything Grinding All Season
12%
Heartbreak Kodak Hate Being Alone
12%
Project Baby 2 Misunderstood
12%
Project Baby 2 My Klik
12%
Back for Everything Omega
12%
Project Baby 2 Pride
12%
Back for Everything Purple Stamp
12%
Pistolz & Pearlz Roses
12%
Project Baby Shoulda Woulda
12%
Institution Sh*t on Me
12%
Project Baby Signs
12%
Back for Everything Smackers
12%
Institution Sticky 1
12%
Project Baby 2 Still in the Streets
12%
Project Baby Switchin' Gears
12%
Lil B.I.G. Pac Today
12%
Painting Pictures Top Off Benz
12%
Project Baby 2 Up Late
12%
Back for Everything Vulnerable (Free Cool)
12%
Institution Wake n' Bake
12%
Evil Genius Wake Up in the Sky
12%
Heartbreak Kodak When Vultures Cry
12%
Heartbreak Kodak Why You Always Gotta Go
12%
Heartbreak Kodak Corrupted
10%
Project Baby Dead Time
10%
Single (#3) First Day Out
10%
Project Baby Get It Up
10%
Kutthroat Bill: Vol. 1 I Can't Sleep
10%
Heart of the Projects I'm That N***a
10%
Dying to Live In the Flesh
10%
Bill Israel I Wanna Live
10%
Back for Everything I Wish
10%
Sniper Gang Presents Syko Bob & Snapkatt: Nightmare Babies Killing the Rats
10%
Heart of the Projects Kill the Best
10%
Project Baby Luv 2 Flex
10%
Heart of the Projects Meant for Me
10%
Project Baby 2 Me for Me
10%
Institution Me, Myself & I
10%
Heart of the Projects | Project Baby Molly
10%
Project Baby 2 Need a Break
10%
Dying to Live Needing Something
10%
Project Baby 2 No CoDefendant
10%
Painting Pictures Off the Land
10%
Back for Everything On Everything
10%
Kutthroat Bill: Vol. 1 Play
10%
Institution Real N***a Files
10%
Bill Israel Remember the Times
10%
Painting Pictures Reminiscing
10%
Institution Rock Bottom
10%
Heartbreak Kodak Running Outta Love
10%
Back for Everything Sink My Ship
10%
Bill Israel Spain
10%
Back for Everything Take You Back
10%
Project Baby 2 The Recipe
10%
Dying to Live This Forever
10%
F.E.M.A. Too Much Money
10%
Painting Pictures U Ain't Never
10%
Heart of the Projects Yung N***az
10%
Heart of the Projects 10 Toes Down
7%
Single #667 2'CY
7%
Project Baby Ain't No Fakin' It
7%
Kutthroat Bill: Vol. 1 Ammunition
7%
Single #6 Because of You
7%
Heart of the Projects Benji's
7%
Pistolz & Pearlz Beretta Love
7%
Heart of the Projects Better Days
7%
Lil B.I.G. Pac Blood Sweat Tears Revenge
7%
Institution Boss My Life Up
7%
Kutthroat Bill: Vol. 1 Demand My Respect
7%
Heart of the Projects Destin
7%
Pistolz & Pearlz Dope Boy Magic
7%
Back for Everything Elite Division
7%
Institution Fed Up
7%
Painting Pictures Feeling Like
7%
Bill Israel Feeling Myself Today
7%
Heartbreak Kodak F**k with You
7%
Kutthroat Bill: Vol. 1 Freezing My Pinky
7%
Kutthroat Bill: Vol. 1 Game from Pluto
7%
Institution Get Up
7%
Pistolz & Pearlz Gunsmoke Town
7%
Project Baby Hatin On Me
7%
F.E.M.A. Headache
7%
Back for Everything He Love the Streets
7%
Institution If You Ain't Ridin'
7%
Institution In Too Deep
7%
Heartbreak Kodak Kicking In
7%
Single #8 Last Day In
7%
Single #668 Lemme See
7%
Back for Everything Love Isn't Enough
7%
Heartbreak Kodak Loyal
7%
Dying to Live Malcolm X.X.X.
7%
Back for Everything Midas Touch
7%
Project Baby Mystery
7%
Heart of the Projects My Wrist
7%
F.E.M.A. Nothin
7%
F.E.M.A. Real Hitta
7%
Bill Israel Serene
7%
Single #670 Shampoo
7%
Painting Pictures Side N***a
7%
Project Baby Skit
7%
Kutthroat Bill: Vol. 1 Slay Like Santa
7%
Pistolz & Pearlz Stay
7%
F.E.M.A. Still Got Luv Fa Ya
7%
Heart of the Projects Take Me Away
7%
Institution This Life
7%
Painting Pictures Up in Here
7%
Project Baby Won't Go Back
7%
Single #5 Zombie
7%
Pistolz & Pearlz A Beautiful Rainbow
5%
Heartbreak Kodak Acting Weird
5%
FAST X (Original Motion Picture Soundtrack) Angel Pt. 1
5%
Kutthroat Bill: Vol. 1 At the Cross
5%
Kutthroat Bill: Vol. 1 Bad Man
5%
Pistolz & Pearlz Balance
5%
Heartbreak Kodak Call You
5%
Pistolz & Pearlz Church on Saturday
5%
Pistolz & Pearlz Die Today
5%
Pistolz & Pearlz Down with You
5%
Bill Israel Dummy Green
5%
Bill Israel Eeny, Meeny, Miny, Moe
5%
Pistolz & Pearlz Flirting with Death
5%
Pistolz & Pearlz Follow Me
5%
Pistolz & Pearlz Get Away
5%
Newest Single Haitian Scarface
5%
Heartbreak Kodak Helluva Love
5%
Kutthroat Bill: Vol. 1 Hop Out Shoot
5%
Another Single HVN ON EARTH
5%
Kutthroat Bill: Vol. 1 If You Ever
5%
Heartbreak Kodak I Get Lonely
5%
Bill Israel I Knew It
5%
Newest Single Yet King Snipe
5%
Kutthroat Bill: Vol. 1 Kodak the Boss
5%
Kutthroat Bill: Vol. 1 Kutthroat Barbie
5%
Bill Israel Make a Hit
5%
Pistolz & Pearlz Murder Mystery
5%
Heartbreak Kodak No Feelings
5%
Pistolz & Pearlz No Love for a Thug
5%
F.E.M.A. Potato
5%
Kutthroat Bill: Vol. 1 Silencer
5%
Pistolz & Pearlz Snipers and Robbers
5%
Kutthroat Bill: Vol. 1 Starter Kit
5%
Pistolz & Pearlz That for Real
5%
Bill Israel The Fire
5%
Pistolz & Pearlz Tryna Figure Why
5%
Pistolz & Pearlz X&O's
5%
Project Baby 4th Quarter
2%
New Single B.A.M.
2%
Sniper Gang Presents Syko Bob & Snapkatt: Nightmare Babies Bussin' Anything
2%
Single #666 Eaze Your Mind
2%
Single (#2) Going Viral
2%
Sniper Gang Presents Syko Bob & Snapkatt: Nightmare Babies Halloween Bill Kill
2%
Yet Another Single I Hope You Know
2%
Sniper Gang Presents Syko Bob & Snapkatt: Nightmare Babies In the Field
2%
Single #669 JEEZU
2%
Sniper Gang Presents Syko Bob & Snapkatt: Nightmare Babies Lets Step
2%
Sniper Gang Presents Syko Bob & Snapkatt: Nightmare Babies Nightmare Stories
2%
Sniper Gang Presents Syko Bob & Snapkatt: Nightmare Babies Peggy Sue
2%
Newer Single Rocky Road
2%
Single #7 Vultures Cry 2
2%
Heart of the Projects Maneuvering
0%
Project Baby Str8 Bars Freestyle
0%
No matching quizzes found
Score Distribution
Percent of People with Each Score
Percentile by Number Answered
Your Score History
You have not taken this quiz since the last reset